Normal view
MARC view
- Andrew Balent and Quincy C.Hilliard
Entry Personal Name
001 - CONTROL NUMBER
- control field: 9273
003 - CONTROL NUMBER IDENTIFIER
- control field: OSt
005 - DATE AND TIME OF LATEST TRANSACTION
- control field: 20210323105520.0
008 - FIXED-LENGTH DATA ELEMENTS
- fixed length control field: 210323|| aca||aabn | a|a d
040 ## - CATALOGING SOURCE
- Original cataloging agency: OSt
- Transcribing agency: OSt
100 ## - HEADING--PERSONAL NAME
- Personal name: Andrew Balent and Quincy C.Hilliard
670 ## - SOURCE DATA FOUND
- Source citation: Work cat.: (OSt): Andrew Balent and Quincy C.Hilliard, Skill Builders : Warmups and Technical Studies for the Developing Performer (Alto Saxophone)

PORTAL AKMAL
E-MEL JKDM
AKMAL2U
G-BAM
u-PUSTAKA